Pays dont les habitants sont les plus religieux - Statistiques

Statistiques générales
  • Ce quiz a été pris 18 fois
  • Le résultat moyen est 2 sur 7
Statistiques - réponses
Hint Réponse % Correct
90% Maroc
72%
95% Nigeria
61%
91% Ethiopie
50%
96% Ghana
22%
94% Arménie
17%
93% Fidji
11%
92% Macédoine du nord
11%
Aucun quiz correspondant
Distribution des résultats
% des personnes avec chaque résultat
Percentile par nombre de réponses
Votre historique - résultats
Vous n’avez pas pris ce quiz